| 000 | 00399cam a2200157Ia 4500 | ||
|---|---|---|---|
| 020 | _a0070249547 | ||
| 040 | _cTHM | ||
| 082 | _a954 DUS 1999 A087 Or. | ||
| 100 | 1 | _aNorton, James H. K | |
| 245 | 1 | 0 | _aIndia and South Asia / |
| 250 | _a4th ed | ||
| 260 |
_aGuilford, Conn. : _bDushkin/McGraw-Hill, _cc1999 |
||
| 300 |
_ax, 214 p. : _bill., maps ; _c28 cm |
||
| 490 | 1 | _aGlobal studies | |
| 942 | _cEK | ||
| 999 |
_c17034 _d17034 |
||